000 00961nam a2200241 a 4500
001 BRCA_1731
005 20190320203527.0
008 980504s1998 dcua---##b---#001-0#eng-#
020 _a1560989246
040 _aDLC
_cDLC
_dDLC
050 4 _aE77.5
_b.S65 1998
245 1 0 _aSpirit Capture
_bPhotographs from the National Museum of the American Indian
_cedited by Tim Johnson.
260 _aWashington
_bSmithsonian Institution Press : National Museum of the American Indian : Smithsonian Institution
_c1998
300 _axvii, 205 p.
_bil. (algunas a color)
_c26 cm.
500 _aIncluye índice alfabético
504 _aBibliografía : p. 193-195
610 2 4 _aNational Museum of the American Indian
_zEstados Unidos
_95409
650 1 4 _aIndígenas de América del Norte
_xTrabajos Ilustrados
_95410
650 1 4 _aIndígenas
_xTrabajos Ilustrados
_91005
650 1 4 _aFotografía en etnología
_95411
700 1 _aJohnson, Tim
_d1947-
_95412
942 _2lcc
_cB
999 _c1518
_d1518